Текст томруулах:    
Global investing (Бичлэгийн дугаар. 146191)
000 -УДИРДЛАГА
Удирдлага 00934nam a22003137a 4500
003 - ХЯНАЛТЫН ТОО ТОДОРХОЙЛОГЧ
Код MN-UlNUM
005 - БИЧИЛТ ХИЙСЭН ОГНОО
Тухайн бичилтийг бичсэн засварласан сүүлийн огноо 20260115154829.0
008 - ЕРӨНХИЙ МЭДЭЭЛЭЛ
Ерөнхий мэдээлэл 260115s1993 nyuab||| |||| 001 0 eng |
020 ## - ISBN
ISBN 007031683X
040 ## - БИЧЛЭГ ҮҮСГЭГЧ БАЙГУУЛЛАГА
Бичлэг үүсгэгч номын сангийн код МУИС-ийн номын сан
084 ## - ББК АНГИЛАЛ
Нэмэлт тусгалт Бусад
ББК ангилал 65.261
Зохиогчийн гурван тэмдэгт I 32
Мэдлэгийн ялгаа 65 - Эдийн засаг
100 1# - ЗОХИОГЧ
Зохиогчийн нэр Ibbotson, Roger G.
245 10 - ҮНДСЭН ГАРЧИГ
Номын нэр Global investing
Бага гарчгийн мэдээ The professional's guide to the world capital markets
Оролцогчдын тухай мэдээ Roger G. Ibbotson, Gary P. Brinson.
260 ## - ГАРАЛТЫН МЭДЭЭ
Хэвлэгдсэн газар New York :
Хэвлэлийн газар McGraw-Hill,
Хэвлэгдсэн он 1993.
300 ## - МАТЕРИАЛЫН ТОДОРХОЙЛОЛТ
хуудасны тоо xii, 339 p. :
Бусад тоон мэдээлэл ill. ;
Хэмжээ 24 cm.
500 ## - Тайлбар
Дансны дугаар БС 5008
546 ## - ХЭЛНИЙ ТУХАЙ МЭДЭЭ
Хэл Англи хэл дээр,
653 ## - Түлхүүр үг
Түлхүүр үг investments
653 ## - Түлхүүр үг
Түлхүүр үг portfolio management
653 ## - Түлхүүр үг
Түлхүүр үг foreign
700 1# - ХАМ ЗОХИОГЧИД
Ба бус Brinson, Gary P.
740 ## - НОМЫН ГАРЧИГ
Гарчиг The Global Marketplace
740 ## - НОМЫН ГАРЧИГ
Гарчиг Institutional Investing
740 ## - НОМЫН ГАРЧИГ
Гарчиг The Equity Market
740 ## - НОМЫН ГАРЧИГ
Гарчиг The Fixed-Income Market
942 ## - ЭЛЕМЕНТИЙН ТӨРӨЛ
Зүйлийн төрөл Ном